Quiz o Słońcu - Statystyki

Ogólne statystyki
  • Ten quiz został rozwiązany 1 827 razy
    1 818 od ostatniego zresetowania
  • Średni wynik to 11 z 20
Statystyki odpowiedzi
Pytanie Odpowiedź % Poprawnych
Jaka planeta jest najbliższa Słońcu? Merkury
98%
Który astronom postulował ten model w 1543 roku? Mikołaj Kopernik
88%
Jakie dwa pierwiastki stanowią 98% masy Słońca? Hel
85%
Jaki kraj nazywany jest „Krainą Wschodzącego Słońca”? Japonia
77%
Jaki model umieszcza Słońce w centrum Układu Słonecznego? Heliocentryczny
76%
Jakim typem gwiazdy stanie się za około 5 miliardów lat? Czerwony {Olbrzym}
74%
Jak się nazywał starożytny egipski bóg Słońca? Ra
68%
Jakie dwa pierwiastki stanowią 98% masy Słońca? Wodór
68%
Jakim typem gwiazdy jest Słońce? Żółty {Karzeł}
60%
Z jakiego czwartego stanu skupienia składa się Słońce? Plazma
56%
Jaki proces napędza Słońce? {Fuzja} jądrowa
51%
Który francuski król nazywany był „Królem Słońce”? Ludwik XIV
49%
Jak nazywa się odległość między Ziemią a Słońcem? (1 au) Jednostka {astronomiczna}
47%
Jak nazywa się tymczasowy ciemny obszar na powierzchni Słońca? {Plama} Słoneczna
46%
W jakiej religii Słońce jest czczone jako bóg Surya? Hinduizm
39%
Jak nazywa się moment, w którym Słońce świeci bezpośrednio nad równikiem Ziemi? Równonoc
39%
Jaka inna gwiazda jest najbliższa Słońcu? Proxima Centauri
37%
Jakie jest przeciwieństwo powyższego, kiedy Słońce jest najdalej od równika? Przesilenie
37%
Jak nazywa się nagłe wydzielenie energii, które ma miejsce na Słońcu w wyniku anihilacji pola magnetycznego? {Rozbłysk} Słoneczny
19%
Jak nazywa się najbardziej zewnętrzna warstwa słońca? Korona
16%
Nie znaleziono quizów pasujących do podanych kryteriów
Rozkład punktacji
Procent ludzi z każdym wynikiem
Percentyl według liczby udzielonych odpowiedzi
Twoja historia wyników
Nie rozwiązałeś tego quizu od ostatniego zresetowania